000 00630nam a2200193 a 4500
001 000043734
005 20201002044937.0
008 140408s1984 dr 000 0 spa d
040 _aDO-SdBNP
_bspa
_cBNPHU
082 _axxx
_bxxx
100 1 _aMonclús C., Juan Francisco
_919465
245 1 0 _a500 preguntas contestadas por un abogado /
_cJuan Francisco Monclus C.
246 1 0 _aQuinientas preguntas contestada por un abogado.
260 _aSanto Domingo :
_bEl Estudiante,
_c1984.
300 _a49, [50] p. ;
_c22 cm.
490 1 _a500 Preguntas
_v2
504 _aBibliografía : p. [50]
830 0 _a500 Preguntas ;
_n2
_971555
999 _c43223
_d43223